<?xml version='1.0' encoding='UTF-8'?>
  <record xmlns="http://www.loc.gov/MARC21/slim">
    <leader>00000cam a2200000 i 4500</leader>
    <controlfield tag="001">ocm64821366</controlfield>
    <controlfield tag="003">OCoLC</controlfield>
    <controlfield tag="005">20241204020506.5</controlfield>
    <controlfield tag="008">880719s1866    ne       m    000 0 dut d</controlfield>
    <datafield tag="040" ind1=" " ind2=" ">
      <subfield code="a">NLGGC</subfield>
      <subfield code="b">dut</subfield>
      <subfield code="e">fobidrtb</subfield>
      <subfield code="c">NLGGC</subfield>
      <subfield code="d">QGE</subfield>
      <subfield code="d">L2U</subfield>
      <subfield code="d">OCLCL</subfield>
      <subfield code="d">OCLCQ</subfield>
    </datafield>
    <datafield tag="019" ind1=" " ind2=" ">
      <subfield code="a">67442901</subfield>
    </datafield>
    <datafield tag="029" ind1="0" ind2=" ">
      <subfield code="a">NLGGC</subfield>
      <subfield code="b">047593830</subfield>
    </datafield>
    <datafield tag="035" ind1=" " ind2=" ">
      <subfield code="a">(OCoLC)64821366</subfield>
      <subfield code="z">(OCoLC)67442901</subfield>
    </datafield>
    <datafield tag="084" ind1=" " ind2=" ">
      <subfield code="a">11.52</subfield>
      <subfield code="2">bcl</subfield>
    </datafield>
    <datafield tag="090" ind1=" " ind2=" ">
      <subfield code="a">BT30.N5</subfield>
      <subfield code="b">.V67 1866</subfield>
    </datafield>
    <datafield tag="100" ind1="1" ind2=" ">
      <subfield code="a">Vos, Christoffel Martinus.</subfield>
    </datafield>
    <datafield tag="245" ind1="1" ind2="3">
      <subfield code="a">De leer der vier uitersten :</subfield>
      <subfield code="b">eene bijdrage tot de kennis van het godsdienstig geloof onzer vaderen in de vijftiende eeuw /</subfield>
      <subfield code="c">door Christoffel Martinus Vos.</subfield>
    </datafield>
    <datafield tag="260" ind1=" " ind2=" ">
      <subfield code="a">Amsterdam :</subfield>
      <subfield code="b">Rogge,</subfield>
      <subfield code="c">1866.</subfield>
    </datafield>
    <datafield tag="300" ind1=" " ind2=" ">
      <subfield code="a">VI, 211 p. ;</subfield>
      <subfield code="c">24 cm.</subfield>
    </datafield>
    <datafield tag="336" ind1=" " ind2=" ">
      <subfield code="a">tekst</subfield>
      <subfield code="b">txt</subfield>
      <subfield code="2">rdacontent/dut</subfield>
    </datafield>
    <datafield tag="337" ind1=" " ind2=" ">
      <subfield code="a">zonder medium</subfield>
      <subfield code="b">n</subfield>
      <subfield code="2">rdamedia/dut</subfield>
    </datafield>
    <datafield tag="338" ind1=" " ind2=" ">
      <subfield code="a">band</subfield>
      <subfield code="b">nc</subfield>
      <subfield code="2">rdacarrier/dut</subfield>
    </datafield>
    <datafield tag="502" ind1=" " ind2=" ">
      <subfield code="a">Proefschrift Utrecht.</subfield>
    </datafield>
    <datafield tag="530" ind1=" " ind2=" ">
      <subfield code="a">Titel is gedigitaliseerd voor de Koninklijke Bibliotheek in het kader van het Google Books-project.</subfield>
    </datafield>
    <datafield tag="650" ind1=" " ind2="7">
      <subfield code="a">11.52 medieval Christianity.</subfield>
      <subfield code="0">(NL-LeOCL)077594347</subfield>
      <subfield code="2">bcl</subfield>
    </datafield>
    <datafield tag="650" ind1="1" ind2="7">
      <subfield code="a">Theologie.</subfield>
      <subfield code="2">gtt</subfield>
      <subfield code="0">(NL-LeOCL)078688418</subfield>
    </datafield>
    <datafield tag="650" ind1="1" ind2="7">
      <subfield code="a">Late middeleeuwen.</subfield>
      <subfield code="2">gtt</subfield>
      <subfield code="0">(NL-LeOCL)078570824</subfield>
    </datafield>
    <datafield tag="651" ind1=" " ind2="7">
      <subfield code="a">Nederland.</subfield>
      <subfield code="2">gtt</subfield>
      <subfield code="0">(NL-LeOCL)078600987</subfield>
    </datafield>
    <datafield tag="655" ind1=" " ind2="7">
      <subfield code="a">Proefschriften (vorm)</subfield>
      <subfield code="2">gtt</subfield>
      <subfield code="0">(NL-LeOCL)088144445</subfield>
    </datafield>
    <datafield tag="758" ind1=" " ind2=" ">
      <subfield code="a">De leer der vier uitersten (Text)</subfield>
      <subfield code="1">https://id.oclc.org/worldcat/entity/E39PCFJCmmrYRGgkfhrPfCVKkC</subfield>
      <subfield code="4">https://id.oclc.org/worldcat/ontology/hasWork</subfield>
    </datafield>
    <datafield tag="776" ind1="0" ind2=" ">
      <subfield code="t">De leer der vier uitersten</subfield>
      <subfield code="w">(NL-LeOCL)357997581</subfield>
    </datafield>
    <datafield tag="936" ind1=" " ind2=" ">
      <subfield code="a">BATCHLOAD</subfield>
    </datafield>
  </record>